000 00569nam a2200205 a 4500
001 000027040
005 20200930030550.0
008 110329s2003 dr a 000 0 spa d
020 _a9993433705
020 _a9993433705
040 _aDO-SdBNP
_bspa
_cBNPHU
100 1 _aPeiran, Alan
_954134
245 1 0 _aHierbas medicinales /
_cAlan Peiran.
260 _aSanto Domingo :
_bEditorial Fénix,
_c2003.
300 _a43 P. :
_bil. ;
_c21 cm.
490 1 _aSulud y vida
500 _aInfusiones con hierbas, recetas
830 0 _aSulud y vida
_954135
049 _aBNPD
999 _c26532
_d26532